Kambing yang berjasa

Bibliographic Details
Main Author: Yulis Haji Alwi
Format: Book
Published: Kuala Lumpur : Pustaka Buana , 2005
Series:Siri kisah membina teladan
Subjects:

MARC

LEADER 00000cam a2200000 7i4500
001 0000005199
005 20151222.0
008 070802
020 |a 9832642795 
090 0 0 |a JF   |b MOR MAL (6124) 
100 0 |a Yulis Haji Alwi 
245 1 0 |a Kambing yang berjasa   |c Yulis Haji Alwi 
260 |a Kuala Lumpur :   |b Pustaka Buana ,   |c 2005 
440 |a Siri kisah membina teladan 
500 |a Children ages 7-9 years old (orange) 
650 0 |a Readers   |x Moral 
999 |a 0000907856   |b Book   |c Children Collection   |e Cawangan Bandar Tenggara 
999 |a 0000907858   |b Book   |c Children Collection   |e Cawangan Bandar Tenggara 
999 |a 0000907859   |b Book   |c Children Collection   |e Cawangan Bandar Tenggara 
999 |a 0000917274   |b Book   |c Children Collection   |e Cawangan Bukit Gambir 
999 |a 0000917275   |b Book   |c Children Collection   |e Cawangan Bukit Gambir 
999 |a 0000917276   |b Book   |c Children Collection   |e Cawangan Bukit Gambir 
999 |a 0000928315   |b Book   |c Children Collection   |e Cawangan Tangkak 
999 |a 0000928316   |b Book   |c Children Collection   |e Cawangan Tangkak 
999 |a 0000978147   |b Book   |c Children Collection   |e Perbadanan Perpustakaan Awam Johor 
999 |a 0000978148   |b Book   |c Children Collection   |e Perbadanan Perpustakaan Awam Johor 
999 |a 0000978149   |b Book   |c Children Collection   |e Perbadanan Perpustakaan Awam Johor 
999 |a 0000978150   |b Book   |c Children Collection   |e Perbadanan Perpustakaan Awam Johor 
999 |a 0001043720   |b Book   |c Children Collection   |e Cawangan Bandar Penawar